MARC details
| 000 -CABECERA |
| campo de control de longitud fija |
02662nam a2200289 a 4500 |
| 001 - NÚMERO DE CONTROL |
| campo de control |
000021022 |
| 003 - IDENTIFICADOR DEL NÚMERO DE CONTROL |
| campo de control |
OSt |
| 005 - FECHA Y HORA DE LA ÚLTIMA TRANSACCIÓN |
| campo de control |
20240710123700.0 |
| 008 - DATOS DE LONGITUD FIJA--INFORMACIÓN GENERAL |
| campo de control de longitud fija |
100830s2006 dr 001 0cspa d |
| 040 ## - FUENTE DE LA CATALOGACIÓN |
| Centro catalogador/agencia de origen |
DO-SdBNP |
| Lengua de catalogación |
spa |
| Centro/agencia transcriptor |
BNPHU |
| 082 ## - NÚMERO DE LA CLASIFICACIÓN DECIMAL DEWEY |
| Número de clasificación |
923.27293 |
| Número de documento/Ítem |
B719M |
| 100 1# - ENTRADA PRINCIPAL--NOMBRE DE PERSONA |
| Nombre de persona |
Martínez Almanzar, Juan Francisco |
| Fechas asociadas al nombre |
1950 - |
| 9 (RLIN) |
10459 |
| 245 10 - MENCIÓN DE TÍTULO |
| Título |
Bono, Luperón y Heureaux / |
| Mención de responsabilidad, etc. |
Juan Francisco Martínez Almanzar. |
| 260 ## - PUBLICACIÓN, DISTRIBUCIÓN, ETC. |
| Lugar de publicación, distribución, etc. |
Santo Domingo : |
| Nombre del editor, distribuidor, etc. |
Centro de Adiestramiento e Investigación Social (CAIS), |
| Fecha de publicación, distribución, etc. |
2006. |
| 300 ## - DESCRIPCIÓN FÍSICA |
| Extensión |
99, lxxi p. ; |
| Dimensiones |
22 cm. |
| 504 ## - NOTA DE BIBLIOGRAFÍA, ETC. |
| Nota de bibliografía, etc. |
Incluye referencias bibliográficas y notas al pie de las páginas. |
| 505 0# - NOTA DE CONTENIDO CON FORMATO |
| Título |
Presentación -- |
| Información miscelánea |
Primera parte: |
| Título |
Los aportes de Bonó -- |
| -- |
Orígenes de Bonó -- |
| -- |
Nacimiento y adolescencia -- |
| -- |
Bonó y su familia -- |
| -- |
Los aportes de Bonó a la sociología -- |
| -- |
Apuntes para cuatro ministerio de la República -- |
| -- |
La primera guerra civil -- |
| -- |
Bonó y Duarte -- |
| -- |
Bonó se separa del Gobierno Restaurador -- |
| -- |
Bonó luego de la Guerra de Restauración -- |
| -- |
La obra "estudios" -- |
| -- |
Apuntes sobre las clases trabajadoras dominicanas -- |
| -- |
Agricultura y ganadería -- |
| Información miscelánea |
Segunda parte: |
| Título |
Bonó, Luperón y la candidatura presidencial -- |
| -- |
Bonó rechaza la candidatura presidencial -- |
| Información miscelánea |
Tercera parte: |
| Título |
Las relaciones entre Bonó y Heureaux -- |
| -- |
Bonó y Heureaux -- |
| -- |
Correspondencias en 1883 -- |
| -- |
Las misivas en 1887 -- |
| -- |
Correspondencias en 1895 -- |
| -- |
Las correspondecias de Heureaux y Bonó el 25 de julio de 1899 -- |
| Información miscelánea |
Cuarta parte: |
| Título |
Ulises Heureaux -- |
| -- |
Los inicios de Ulises Heureaux -- |
| -- |
Heureaux en Haití -- |
| -- |
Primera presidencia de Heureaux -- |
| -- |
Elecciones de 1886 -- |
| -- |
Modificaciones a la constitución -- |
| -- |
Los dos últimos años de Heureaux en el poder -- |
| -- |
Heureaux en Sánchez -- |
| -- |
Heureaux en La Vega -- |
| -- |
Heureaux llega a Moca -- |
| -- |
Los conjurados en acción -- |
| -- |
Los planes para matar a Lilís -- |
| -- |
Distintas versiones en torno a la muerte -- |
| -- |
Trasladan cadáver a la gobernación -- |
| -- |
El cadáver es trasladado a Santiago -- |
| -- |
Entierro de Lílis -- |
| -- |
Anexos -- |
| -- |
Notas -- |
| -- |
Conferencia: Los aportes de Pedro Francisco Bonó a sociología dominicana -- |
| -- |
Cronología de Bonó -- |
| -- |
Trayectoria de Gregorio Luperón -- |
| -- |
Trayectoria de Ulises Heureaux |
| 590 ## - NOTA LOCAL (RLIN) |
| Nota local |
Inventariado, 2020 / DG |
| 600 14 - PUNTO DE ACCESO ADICIONAL DE MATERIA--NOMBRE DE PERSONA |
| Nombre de persona |
BONÓ, PEDRO FRANCISCO, |
| Fechas asociadas al nombre |
1828-1906 |
| 9 (RLIN) |
1351 |
| 600 10 - PUNTO DE ACCESO ADICIONAL DE MATERIA--NOMBRE DE PERSONA |
| Nombre de persona |
Heureaux, Ulises, |
| Fechas asociadas al nombre |
1845-1899 |
| 9 (RLIN) |
598 |
| 600 10 - PUNTO DE ACCESO ADICIONAL DE MATERIA--NOMBRE DE PERSONA |
| Nombre de persona |
Luperón, Gregorio, |
| Fechas asociadas al nombre |
1839-1897 |
| 9 (RLIN) |
888 |
| 650 #4 - PUNTO DE ACCESO ADICIONAL DE MATERIA--TÉRMINO DE MATERIA |
| Término de materia o nombre geográfico como elemento de entrada |
Presidentes |
| Subdivisión geográfica |
República Dominicana |
| Subdivisión de forma |
BIOGRAFÍAS |
| 9 (RLIN) |
1288 |
| 651 #4 - PUNTO DE ACCESO ADICIONAL DE MATERIA--NOMBRE GEOGRÁFICO |
| Nombre geográfico |
República Dominicana |
| Subdivisión general |
Historia |
| -- |
Restauración 1863-1865 |
| 9 (RLIN) |
43986 |
| 651 #0 - PUNTO DE ACCESO ADICIONAL DE MATERIA--NOMBRE GEOGRÁFICO |
| Nombre geográfico |
República Dominicana -- |
| Subdivisión general |
Historia -- |
| Subdivisión cronológica |
1844-1930 |
| 9 (RLIN) |
1009 |
| 910 ## - DATOS DE OPCIÓN DEL USUARIO (OCLC) |
| Datos de opción del usuario |
Validado. Control de calidad BNPHU. |
| 942 ## - ELEMENTOS DE PUNTO DE ACCESO ADICIONAL (KOHA) |
| Fuente del sistema de clasificación o colocación |
Dewey Decimal Classification |
| Tipo de ítem Koha |
Libros y folletos |